Science Quiz

Random Science Quiz
Score 0/20 Timer 05:00
0 Plays Today
Brand Name Generic % Correct
Vicodinhydrocodone-APAP
86.2%
Xanaxalprazolam
84.8%
Ciprociprofloxacin
82.7%
Ambienzolpidem tartrate
78.5%
Klonopinclonazepam
78.5%
Zocorsimvastatin
77.2%
Zoloftsertraline
76.1%
Norvasc amlodipine
75.1%
Levoxyllevothyroxine
73.4%
Wellbutrin XL/SRbupropion
71.6%
Brand Name Generic % Correct
Flexerilcyclobenzaprine
71.3%
Allegrafexofenadine
69.9%
Fosamax alendronate
67.8%
Prinivillisinopril
66.1%
Coreg carvedilol
65.4%
Duragesic fentanyl patch
65.4%
Minocinminocycline
60.6%
Imitrex sumatriptan
60.2%
Lamisil terbinafine
43.6%
Climaraestradiol patches
28.4%

You're not logged in!

Compare scores with friends on all Sporcle quizzes.
OR
Log In

Sporcle TV

Today on Sporcle TV


Watch our educational content, quiz creation guides, and fun videos on Sporcle TV.

Show Comments

Extras

Top Quizzes Today


Score Distribution

Paid Content

Your Account Isn't Verified!

In order to create a playlist on Sporcle, you need to verify the email address you used during registration. Go to your Sporcle Settings to finish the process.

Report this User

Report this user for behavior that violates our Community Guidelines.

Details: